000 00252nam a22001217a 4500
008 180117b xxu||||| |||| 00| 0 eng d
041 _aeng
080 _a2
100 _a24
101 _aTEO
245 _aThe antichrist
_cHarper,L.D
942 _2udc
_cBK
999 _c40408
_d40408